Guide du voyageur en Espagne / (Record no. 152433)

MARC details
000 -LEADER
campo de control de longitud fija 00760nam a2200181 i 4500
001 - NÚMERO DE CONTROL
campo de control 152433
003 - IDENTIFICADOR DE NÚMERO DE CONTROL
campo de control ES-MaACL
005 - FECHA Y HORA DE LA ÚLTIMA TRANSACCIÓN
campo de control 20230906204737.0
008 - DATOS DE LONGITUD FIJA--INFORMACIÓN GENERAL
campo de control de longitud fija 971016s1823 fr ab |||| | fre d
040 ## - FUENTE DE CATALOGACIÓN
Centro catalogador/agencia de origen CAM
Lengua de catalogación spa
Centro/agencia transcriptor CAM
100 1# - ENTRADA PRINCIPAL--NOMBRE DE PERSONA
Nombre de persona Bory de Saint-Vincent, Jean-Baptiste-Geneviève-Marcellin.
9 (RLIN) 156601
245 10 - MENCIÓN DEL TÍTULO
Título Guide du voyageur en Espagne /
Mención de responsabilidad, etc. par M. Bory de Saint-Vincent ...; avec deux cartes coloriées dresséset dessinées par l'auteur.
260 ## - PUBLICACIÓN, DISTRIBUCIÓN, ETC.
Lugar de publicación, distribución, etc. Paris :
Nombre del editor, distribuidor, etc. Louis Janet,
Fecha de publicación, distribución, etc. 1823 (
Fabricante Imp. de J. Tastu)
300 ## - DESCRIPCIÓN FÍSICA
Extensión XXXVII, 666 p., [2] h. de map. col. pleg. ;
Dimensiones 20 cm.
599 ## - NOTA A LAS ILUSTRACIONES
NOTA A LAS ILUSTRACIONES Los mapas, cartas física y política de la Península Ibérica.
651 #4 - PUNTO DE ACCESO ADICIONAL DE MATERIA--NOMBRE GEOGRÁFICO
Nombre geográfico España-
Subdivisión general Descripción-
Subdivisión cronológica S.XIX.
9 (RLIN) 8185
852 ## - LOCALIZACIÓN
Ubicación ES-MaACL
Número de control de estantería D-1361
Nota libre -- Enc. tela
Holdings
Estatus retirado Estado de pérdida Estado de daño No para préstamo Colección Biblioteca de origen Biblioteca actual Ubicación en estantería Fecha de adquisición Fuente de adquisición Total de préstamos Signatura topográfica completa Código de barras Visto por última vez Precio de reemplazo Tipo de ítem Koha
        Libros del s. XIX Biblioteca del Ateneo de Madrid Biblioteca del Ateneo de Madrid Sala Valle Inclán 17/01/2008     D-1361 901159170 23/02/2023 23/02/2023 Libro impreso antiguo